Ministrowie polskiego rządu od 13.12.2023 - Statystyki

Ogólne statystyki
  • Ten quiz został rozwiązany 696 razy
  • Średni wynik to 15 z 27
Statystyki odpowiedzi
pytanie odpowiedź % Poprawnych
prezes rady ministrów Donald Tusk
100%
minister obrony narodowej Władysław Kosiniak-Kamysz
94%
minister spraw zagranicznych Radosław Sikorski
87%
minister sprawiedliwości Adam Bodnar
86%
minister edukacji i nauki Barbara Nowacka
82%
minister cyfryzacji Krzysztof Gawkowski
77%
minister zdrowia Izabela Leszczyna
71%
minister sportu i turystyki Sławomir Nitras
71%
minister do spraw równości Katarzyna Kotula
69%
minister aktywów państwowych Borys Budka
65%
minister kultury i dziedzictwa narodowego Bartłomiej Sienkiewicz
64%
minister rodziny i polityki społecznej Agnieszka Dziemianowicz-Bąk
60%
minister finansów Andrzej Domański
59%
minister spraw wewnętrznych i administracji Marcin Kierwiński
57%
minister klimatu i środowiska Paulina Hennig-Kloska
53%
minister do spraw UE Adam Szłapka
51%
minister nauki i szkolnictwa wyższego Dariusz Wieczorek
49%
minister rolnictwa i rozwoju wsi Czesław Siekierski
42%
minister infrastruktury Dariusz Klimczak
34%
minister funduszy i polityki regionalnej Katarzyna Pełczyńska-Nałęcz
30%
minister rozwoju i techologii Krzysztof Hetman
29%
minister bez teki Jan Grabiec
26%
minister przemysłu Marzena Czarnecka
23%
minister do spraw polityki senioralnej Marzena Okła-Drewnowicz
23%
minister bez teki Tomasz Siemoniak
21%
minister do spraw społeczeństwa obywatelskiego Agnieszka Buczyńska
17%
minister bez teki Maciej Berek
14%
Nie znaleziono quizów pasujących do podanych kryteriów
Rozkład punktacji
Procent ludzi z każdym wynikiem
Percentyl według liczby udzielonych odpowiedzi
Twoja historia wyników
Nie rozwiązałeś tego quizu